Name That UK Sitcom II Quiz Stats

 Plays Quiz Updated Jan 31, 2020

     
Support Sporcle.
Go Orange.
Score 0/25 Timer 05:00
1 Play Today
Characters Show % Correct
Polly, Sybil, Major GowenFawlty Towers
86.4%
Hyacinth, Richard, Elizabeth, Emmet, DaisyKeeping Up Appearances
65.9%
Norman, Cyril, 'Compo', Herbert, Nora, 'Edie'Last of the Summer Wine
57.9%
Victor, Margaret, Nick, Patrick, PippaOne Foot in the Grave
54.2%
Frank, BettySome Mothers Do 'Ave 'Em
53.8%
Dougal, Jack, (Joan)Father Ted
47.5%
Eddie, RichieBottom
44%
Albert, HaroldSteptoe and Son
43.2%
Mike, Rick, Neil, JerzeiThe Young Ones
34.8%
Wolfie, Ken, Florence, CharlieCitizen Smith
32.1%
Ria, Ben, Adam, Russell, LeonardButterflies
27.7%
Mark, Jeremy, Sophie, SuperPeep Show
24.7%
Lionel, Jean, Judith, Sandy, AlistairAs Time Goes By
24.3%
Characters Show % Correct
Robin, Chrissy, JoMan About the House
22.2%
Tim, Daisy, Mike, Marsha, BrianSpaced
19.5%
Dave, George, Damien, Gus, SallyDrop the Dead Donkey
15.1%
Rupert, Philip, Ruth, AlanRising Damp
14.6%
George, Janet, Piers, Stanley, EllaMy Hero
14.4%
Sid, Jean, Mike, SallyBless This House
14.4%
Alan, Piers, SarahThe New Statesman
13.3%
Caroline, Guy, 'Mac', AngelaGreen Wing
12.6%
Malcolm, Oliver, Terri, Glenn, HughThe Thick of It
6.3%
Raymond, Maggie, Kevin, Patricia, Derek, FrankThe Thin Blue Line
4.6%
Percy, Ken, Matthew, Bruce, JakeyGet Some In!
1.5%
Stella, Bob, Alison, Colin, DarrenIs It Legal?
0.7%

From the Vault

Sporcle's Easiest Asian Capital (per Letter)

by Flick

Time to plan your Asian vacation.
Remove Ads.
Support Sporcle.
Get the best of Sporcle when you Go Orange. This ad-free experience offers more features, more stats, and more fun while also helping to support Sporcle. Thank you for becoming a member.

Show Comments

Extras

Top Quizzes Today


Score Distribution

Your Account Isn't Verified!

In order to create a playlist on Sporcle, you need to verify the email address you used during registration. Go to your Sporcle Settings to finish the process.

Report this User

Report this user for behavior that violates our Community Guidelines.

Details: